Catálogo
 En Linea

Legislación bibliotecaria de América Latina : (Registro nro. 27210)

Detalles MARC
000 -CABECERA
campo de control de longitud fija 00941nam a2200229 a 4500
001 - NÚMERO DE CONTROL
campo de control 000027718
005 - FECHA Y HORA DE LA ÚLTIMA TRANSACCIÓN
campo de control 20240305085107.0
008 - DATOS DE LONGITUD FIJA--INFORMACIÓN GENERAL
campo de control de longitud fija 110404s1973 cl 000 | spa d
040 ## - FUENTE DE LA CATALOGACIÓN
Centro catalogador/agencia de origen DO-SdBNP
Lengua de catalogación spa
Centro/agencia transcriptor BNPHU
082 ## - NÚMERO DE LA CLASIFICACIÓN DECIMAL DEWEY
Número de clasificación 344.092
Número de documento/Ítem R426L
110 2# - ENTRADA PRINCIPAL--NOMBRE DE ENTIDAD CORPORATIVA
Nombre de entidad corporativa o nombre de jurisdicción como elemento de entrada República Dominicana.
9 (RLIN) 447
240 10 - TÍTULO UNIFORME
Título uniforme [Leyes, etc.]
245 10 - MENCIÓN DE TÍTULO
Título Legislación bibliotecaria de América Latina :
Resto del título República Dominicana /
Mención de responsabilidad, etc. recogida por Luis Florén Lozano ; con la colaboración de Próspero Mella Chavier ; introducción de Tomas Báez Díaz.
260 ## - PUBLICACIÓN, DISTRIBUCIÓN, ETC.
Lugar de publicación, distribución, etc. Medellín, Colombia :
Nombre del editor, distribuidor, etc. Universidad de Antioquia,
Fecha de publicación, distribución, etc. 1973.
300 ## - DESCRIPCIÓN FÍSICA
Extensión 98 p. ;
Dimensiones 21 cm.
590 ## - NOTA LOCAL (RLIN)
Nota local Inventariado,2018/DG
650 #4 - PUNTO DE ACCESO ADICIONAL DE MATERIA--TÉRMINO DE MATERIA
Término de materia o nombre geográfico como elemento de entrada Legislación bibliotecaria
Subdivisión geográfica República Dominicana
9 (RLIN) 54794
650 #4 - PUNTO DE ACCESO ADICIONAL DE MATERIA--TÉRMINO DE MATERIA
Término de materia o nombre geográfico como elemento de entrada Administración de bibliotecas
9 (RLIN) 48383
700 12 - PUNTO DE ACCESO ADICIONAL--NOMBRE DE PERSONA
Nombre de persona Florén , Luis,
Fechas asociadas al nombre 1913-1973
Término indicativo de función/relación comp.
9 (RLIN) 54795
700 12 - PUNTO DE ACCESO ADICIONAL--NOMBRE DE PERSONA
Nombre de persona Mella Chavier, Próspero,
Término indicativo de función/relación col.
9 (RLIN) 10798
910 ## - DATOS DE OPCIÓN DEL USUARIO (OCLC)
Datos de opción del usuario Validado. Control de calidad MFF
Existencias
Estado de retiro Estado de pérdida Restricciones de uso No para préstamo Código de colección Localización permanente Ubicación/localización actual Ubicación en estantería Fecha de adquisición Número de inventario Total de préstamos Signatura topográfica completa Código de barras Fecha visto por última vez Número de copia Precio válido a partir de Tipo de ítem Koha
        Monografías: Libros y Folletos General General Depósito 15.04.2015 LF1   344.092 R426L 27718-30 25.06.2020 e. 3 25.06.2020 Préstamo en sala
        Monografías: Libros y Folletos General General Depósito 15.04.2015 LF1   344.092 R426L 27718-40 25.06.2020 e. 4 25.06.2020 Préstamo en sala
        Monografías: Libros y Folletos General General Depósito 15.04.2015 LF1   344.092 R426L 27718-50 25.06.2020 e. 5 25.06.2020 Préstamo en sala
      Excluido de préstamo Monografías: Libros y Folletos Patrimonio Dominicano Patrimonio Dominicano Depósito 04.04.2011 LF1   344.092 R426L 27718-10 25.06.2020   25.06.2020 No se presta
      Excluido de préstamo Monografías: Libros y Folletos Patrimonio Dominicano Patrimonio Dominicano Depósito 15.04.2015 LF1   344.092 R426L 27718-20 25.06.2020 e. 2 25.06.2020 No se presta

Con tecnología Koha